000 00519nam a2200169Ia 4500
999 _c26851
_d26851
003 OSt
005 20210111124057.0
008 190216s9999||||xx |||||||||||||| ||und||
040 _coclc
082 _a894.8122
_bVAL/M
100 _aValiyakoithampuran, Keralavarma
_98186
245 0 _aManipravalasakuntalam /
_cKeralavarma Valiyakoithampuran
260 _bPoorna Publication,
_c1989.
_aKozhikode:
300 _a163p
650 _aNadakam
942 _cBK
_2ddc
_h894.8122
_iVAL/M
_k894.8122
_mVAL/M